[Event "4th Al Ain Chess Classic"]
[Site "Al-Ain UAE"]
[Date "2015.12.24"]
[Round "2.12"]
[White "Ankit, R. Rajpara"]
[Black "Edouard, Romain"]
[Result "1/2-1/2"]
[WhiteTitle "GM"]
[BlackTitle "GM"]
[WhiteElo "2489"]
[BlackElo "2627"]
[WhiteFideId "5023335"]
[BlackFideId "633429"]
[EventDate "2015.12.23"]

1. d4 d5 2. c4 dxc4 3. e3 Nf6 4. Bxc4 e6 5. Nf3 c5 6. O-O a6 7. dxc5 Qxd1 8.
Rxd1 Bxc5 9. Be2 b6 10. Nfd2 Bb7 11. Nc3 Nbd7 12. Nc4 Bc6 13. a3 O-O 14. b4 Be7
15. e4 b5 16. Na5 Rac8 17. Be3 Ba8 18. Rac1 Ne5 19. f3 Nc6 20. Nb3 a5 21. Nxb5
axb4 22. a4 Nb8 23. a5 Bb7 24. Nc5 Ba8 25. Nb3 Bb7 26. Kf2 Rxc1 27. Rxc1 Rc8 28.
Nc7 Bd6 29. a6 Rxc7 30. Rxc7 Bxc7 31. axb7 Nfd7 32. Bd2 Bd6 33. f4 e5 34. g3 Kf8
35. Ke3 Ke7 36. Kd3 Kd8 37. Kc4 Kc7 38. Bxb4 Bxb4 39. Kxb4 1/2-1/2

[Event "4th Al Ain Chess Classic"]
[Site "Al-Ain UAE"]
[Date "2015.12.24"]
[Round "2.13"]
[White "Hovhannisyan, Robert"]
[Black "Hayrapetyan, Hovik"]
[Result "1-0"]
[WhiteTitle "GM"]
[BlackTitle "GM"]
[WhiteElo "2624"]
[BlackElo "2489"]
[WhiteFideId "13302507"]
[BlackFideId "13302639"]
[EventDate "2015.12.23"]

1. e4 c5 2. Nf3 e6 3. g3 Nc6 4. Bg2 Nf6 5. Qe2 d5 6. exd5 Nxd5 7. O-O Be7 8. Rd1
Bf6 9. Nc3 O-O 10. Ne4 b6 11. c4 Ba6 12. d3 Nc7 13. Nxf6+ Qxf6 14. Bg5 Qf5 15.
Bf4 Rac8 16. Qe3 Qf6 17. b3 Rfe8 18. Bg5 Qb2 19. Rab1 Qa3 20. d4 f6 21. Qc1 Qxc1
22. Bxc1 b5 23. d5 exd5 24. cxd5 Rcd8 25. d6 Ne6 26. Ng5 Ncd4 27. Nxe6 Rxe6 28.
Bd5 Rxd6 29. Bxe6+ Rxe6 30. Be3 Ne2+ 31. Kg2 Nc3 32. Rd8+ Kf7 33. Rc1 b4 34.
Rd7+ Kg6 35. h4 c4 36. h5+ Kf5 37. Kf3 Rc6 38. Re7 Re6 39. g4+ Ke5 40. Rd7 Rc6
41. Re1 Ke6 42. Rxg7 Nxa2 43. Bxa7+ Kd6 44. Rd1+ Ke6 45. Rdd7 Rd6 46. Rge7+ Kd5
47. bxc4+ Bxc4 48. Rc7 Bd3 49. Rc5+ 1-0

[Event "4th Al Ain Chess Classic"]
[Site "Al-Ain UAE"]
[Date "2015.12.24"]
[Round "2.14"]
[White "Gasanov, Eldar"]
[Black "Kravtsiv, Martyn"]
[Result "1/2-1/2"]
[WhiteTitle "GM"]
[BlackTitle "GM"]
[WhiteElo "2485"]
[BlackElo "2623"]
[WhiteFideId "14104466"]
[BlackFideId "14113147"]
[EventDate "2015.12.23"]

1. c4 Nf6 2. Nc3 e5 3. Nf3 Nc6 4. g3 d5 5. cxd5 Nxd5 6. Bg2 Nb6 7. O-O Be7 8. a3
O-O 9. b4 Be6 10. d3 a5 11. b5 Nd4 12. Nd2 Qc8 13. e3 Nf5 14. Qc2 Nd6 15. Nf3
Bf6 16. a4 Rd8 17. Bb2 Bg4 18. Rac1 Qe6 19. Nd2 Bh3 20. Bxh3 Qxh3 21. Nde4 Nxe4
22. Nxe4 Nd5 23. Qb3 Rac8 24. Rc5 Qe6 25. Rfc1 Be7 26. R5c2 Rd7 27. Nc5 Bxc5 28.
Rxc5 Rcd8 29. Qc4 h6 30. Qe4 Re8 31. d4 exd4 32. Qxe6 Rxe6 33. Bxd4 Ree7 34. Kg2 1/2-1/2

[Event "4th Al Ain Chess Classic"]
[Site "Al-Ain UAE"]
[Date "2015.12.24"]
[Round "2.15"]
[White "Swayams, Mishra"]
[Black "Oleksiyenko, Mykhaylo"]
[Result "1-0"]
[WhiteTitle "IM"]
[BlackTitle "GM"]
[WhiteElo "2477"]
[BlackElo "2616"]
[WhiteFideId "5028183"]
[BlackFideId "4152417"]
[EventDate "2015.12.23"]

1. d4 d5 2. c4 c6 3. Nf3 Nf6 4. Nc3 a6 5. a4 e6 6. e3 a5 7. Bd3 Na6 8. O-O Nb4
9. e4 Nxd3 10. Qxd3 Be7 11. Bf4 O-O 12. Rfd1 b6 13. Ne5 Bb7 14. Rac1 Rc8 15. h3
Re8 16. Qf3 dxe4 17. Nxe4 Nxe4 18. Qxe4 f6 19. Nf3 Qd7 20. c5 b5 21. Nd2 Qd5 22.
Re1 bxa4 23. Nc4 Qxe4 24. Rxe4 Kf7 25. Nb6 Rcd8 26. Bc7 f5 27. Bxd8 Rxd8 28. Re3
Rxd4 29. Ra3 Bf6 30. Rxa4 Rxa4 31. Nxa4 Bd4 32. Nb6 Bxb2 33. Rd1 Ba6 34. Rd7+
Kf6 35. Ra7 Bb5 36. Rxa5 Bd4 37. Nd7+ Ke7 38. Ra7 h5 39. Nb8+ Ke8 40. Rc7 Bxc5
41. Nxc6 Bd6 42. Rc8+ Kd7 43. Na7 Ba6 44. Rc2 g5 45. Nc6 g4 46. hxg4 hxg4 47.
Nd4 Be5 48. Nxe6 Kxe6 49. Rc6+ Kf7 50. Rxa6 Bd4 51. Kf1 Kg7 52. Ke2 Kf7 53. Rd6
Be5 54. Rd2 Ke6 55. Kd3 Bc7 56. Rb2 Be5 57. Rb6+ Kd7 58. Kc4 Ba1 59. Kd5 Ke7 60.
Ra6 Bb2 61. Ra2 Bc3 62. Ra3 Bb2 63. Rb3 Ba1 64. f3 gxf3 65. Rxf3 Kf6 66. g4 Kg5
67. gxf5 Kf6 68. Ke4 Kf7 69. Rb3 Kf6 70. Rb6+ Kf7 71. Kf4 Bc3 72. Rc6 Bd4 73.
Rd6 Bb2 74. Rb6 Bc3 75. Rb3 Bd4 76. Rb4 Bc3 77. Rc4 Be1 78. Rc7+ Kf6 79. Rc6+
Kf7 80. Rd6 Bf2 81. Rd2 Bh4 82. Rh2 Be1 83. Kg5 1-0

[Event "4th Al Ain Chess Classic"]
[Site "Al-Ain UAE"]
[Date "2015.12.24"]
[Round "2.16"]
[White "Mollah Abdullah, Al Rakib"]
[Black "Onischuk, Vladimir"]
[Result "0-1"]
[WhiteTitle "GM"]
[BlackTitle "GM"]
[WhiteElo "2472"]
[BlackElo "2612"]
[WhiteFideId "10200444"]
[BlackFideId "14114038"]
[EventDate "2015.12.23"]

1. d4 d6 2. Bg5 g6 3. c3 Bg7 4. e4 h6 5. Bh4 Nf6 6. Nd2 e5 7. dxe5 dxe5 8. Ngf3
Qe7 9. Bc4 O-O 10. O-O Re8 11. Re1 Qf8 12. Qc2 Nbd7 13. a4 a5 14. Bb5 Nh5 15.
Rad1 Nf4 16. Bg3 c6 17. Bf1 Nc5 18. h3 Be6 19. Bxf4 exf4 20. Nd4 Rad8 21. Nc4
Bxc4 22. Bxc4 Re5 23. Nf3 Rxd1 24. Rxd1 Re7 25. e5 Kh7 26. b4 Nd7 27. e6 fxe6
28. h4 Ne5 29. Nxe5 Bxe5 30. Bd3 Qf6 31. h5 Kg7 32. Bxg6 Bxc3 33. bxa5 Bd4 34.
a6 bxa6 35. Qxc6 e5 36. Qf3 Qh4 37. Rc1 e4 38. Qe2 f3 39. Qd2 e3 0-1

[Event "4th Al Ain Chess Classic"]
[Site "Al-Ain UAE"]
[Date "2015.12.24"]
[Round "2.17"]
[White "Volkov, Sergey"]
[Black "Petrosyan, Tigran S."]
[Result "1/2-1/2"]
[WhiteTitle "GM"]
[BlackTitle "IM"]
[WhiteElo "2612"]
[BlackElo "2469"]
[WhiteFideId "4122763"]
[BlackFideId "13303678"]
[EventDate "2015.12.23"]

1. d4 d5 2. c4 c6 3. Nc3 Nf6 4. e3 e6 5. Nf3 Nbd7 6. Bd3 dxc4 7. Bxc4 b5 8. Be2
Bb7 9. O-O Be7 10. e4 b4 11. e5 bxc3 12. exf6 Bxf6 13. bxc3 c5 14. dxc5 O-O 15.
Rb1 Bd5 16. Ba3 Be7 17. Qd4 Rc8 18. c4 Bxf3 19. Bxf3 Bxc5 20. Bxc5 Nxc5 21. Qe3
Qe7 22. g3 Rfd8 23. Be2 g6 24. h4 h5 25. Rfe1 Kg7 26. Bf1 Qf6 27. Red1 Rxd1 28.
Rxd1 Rc7 29. Kg2 Nd7 30. Rd4 Qe5 31. Qd2 Nb6 32. f4 Qf6 33. Kh2 Rc5 34. Re4 Rc7
35. Be2 Qa1 36. Kg2 Qf6 37. Kf2 Qe7 38. Qd4+ Kg8 39. Re5 Nd7 40. Rb5 a6 41. Rb3
e5 42. fxe5 Nxe5 43. Re3 Rc5 44. Bf3 Ra5 45. a4 Qc5 46. Qxc5 Rxc5 47. Be2 Kf8
48. Rb3 Nxc4 1/2-1/2

[Event "4th Al Ain Chess Classic"]
[Site "Al-Ain UAE"]
[Date "2015.12.24"]
[Round "2.18"]
[White "Azaladze, Shota"]
[Black "Pashikian, Arman"]
[Result "0-1"]
[WhiteTitle "IM"]
[BlackTitle "GM"]
[WhiteElo "2468"]
[BlackElo "2606"]
[WhiteFideId "13603027"]
[BlackFideId "13301578"]
[EventDate "2015.12.23"]

1. Nf3 d5 2. g3 g6 3. Bg2 Bg7 4. O-O e5 5. d3 Ne7 6. e4 O-O 7. Nbd2 Nbc6 8. c3
a5 9. a4 h6 10. Re1 Be6 11. exd5 Bxd5 12. h4 Re8 13. Qc2 f5 14. b3 Bf7 15. Nc4
Nd5 16. Bd2 Qf6 17. Rac1 Nb6 18. Nxb6 cxb6 19. Be3 Rac8 20. Qb2 Qd8 21. c4 Qc7
22. Rcd1 Rcd8 23. Qc1 Nb4 24. d4 f4 25. gxf4 exd4 26. Nxd4 Bxd4 27. Rxd4 Nd3 28.
Rxd8 Qxd8 29. Qc3 Nxe1 30. Qxe1 Qxh4 31. Qc3 Rd8 32. Bf3 Qh3 33. Be2 Qe6 34. Bf3
Qh3 35. Be2 Qe6 36. Bf3 Qf5 37. Kg2 Rd3 38. Qc2 Be8 39. Kf1 Bc6 40. Be2 Be4 41.
Qb2 Qh3+ 42. Ke1 Qh1+ 0-1

[Event "4th Al Ain Chess Classic"]
[Site "Al-Ain UAE"]
[Date "2015.12.24"]
[Round "2.19"]
[White "Mammadov, Zaur"]
[Black "Adly, Ahmed"]
[Result "1/2-1/2"]
[WhiteTitle "GM"]
[BlackTitle "GM"]
[WhiteElo "2467"]
[BlackElo "2598"]
[WhiteFideId "13401033"]
[BlackFideId "10601619"]
[EventDate "2015.12.23"]

1. e4 c5 2. c3 Nf6 3. e5 Nd5 4. Nf3 d6 5. d4 cxd4 6. cxd4 Nc6 7. Bc4 Nb6 8. Bb5
Bd7 9. exd6 e6 10. Nc3 Bxd6 11. O-O O-O 12. a3 Ne7 13. Bd3 Nbd5 14. Ne4 Bf4 15.
Ne5 Ng6 16. Nc5 Nxe5 17. dxe5 Bxe5 18. Bxh7+ Kxh7 19. Qh5+ Kg8 20. Qxe5 Qe7 21.
Ne4 f6 22. Qg3 Bc6 23. Re1 Rad8 24. Be3 b6 25. Rac1 Bb7 26. Nc3 Nc7 27. a4 e5
28. f4 Ne6 29. a5 f5 30. axb6 axb6 31. Qf2 Rd7 32. Na4 exf4 33. Bxf4 Be4 34.
Nxb6 Rd4 35. Nc4 Qb4 36. b3 Qxb3 37. Nd2 Qd5 38. Be3 Ra4 39. Nxe4 Rxe4 40. Rcd1
Qe5 41. Bd4 1/2-1/2

[Event "4th Al Ain Chess Classic"]
[Site "Al-Ain UAE"]
[Date "2015.12.24"]
[Round "2.20"]
[White "Pantsulaia, Levan"]
[Black "Babujian, Levon"]
[Result "1/2-1/2"]
[WhiteTitle "GM"]
[BlackTitle "GM"]
[WhiteElo "2598"]
[BlackElo "2465"]
[WhiteFideId "13602071"]
[BlackFideId "13301993"]
[EventDate "2015.12.23"]

1. Nf3 d5 2. g3 g6 3. Bg2 Bg7 4. O-O e5 5. d3 Ne7 6. e4 O-O 7. Nbd2 dxe4 8. dxe4
b6 9. c3 Ba6 10. Re1 Nd7 11. b4 c5 12. a4 Bd3 13. Qb3 Nc6 14. Ba3 Rc8 15. Rad1
Qe7 16. Bh3 Rfd8 17. bxc5 Qf6 18. cxb6 Rb8 19. b7 Nb6 20. c4 Na5 21. Qa2 Rxb7
22. Bb2 Nbxc4 23. Bc3 Rdb8 24. Bf1 Bxf1 25. Rxf1 Nxd2 26. Nxd2 Nb3 27. Nxb3 Rxb3
28. Rb1 Qe6 29. Rxb3 Rxb3 30. Qd2 h5 31. Rc1 Kh7 32. Qd5 Qxd5 33. exd5 e4 34.
Be1 Rd3 35. Rc7 Rxd5 36. Rxf7 Kg8 37. Rc7 Bd4 38. Kf1 e3 39. f4 Bb6 40. Rc6 Kf7
41. Ke2 g5 42. Bc3 gxf4 43. gxf4 Ke7 44. Kf3 Kd7 45. Rc4 Ke6 46. Rc6+ Kd7 47.
Rc4 Ke6 1/2-1/2

[Event "4th Al Ain Chess Classic"]
[Site "Al-Ain UAE"]
[Date "2015.12.24"]
[Round "2.21"]
[White "Petrosyan, Manuel"]
[Black "Azarov, Sergei"]
[Result "1-0"]
[WhiteTitle "IM"]
[BlackTitle "GM"]
[WhiteElo "2466"]
[BlackElo "2595"]
[WhiteFideId "13300857"]
[BlackFideId "13501470"]
[EventDate "2015.12.23"]

1. Nf3 Nf6 2. g3 b6 3. Bg2 Bb7 4. O-O c5 5. c4 g6 6. d4 cxd4 7. Nxd4 Bxg2 8.
Kxg2 Bg7 9. Nc3 Qc7 10. Qd3 O-O 11. b3 Qb7+ 12. Qf3 Qxf3+ 13. Kxf3 e5 14. Nc2
e4+ 15. Kg2 Ng4 16. Bb2 Na6 17. Rad1 Nc5 18. b4 Ne6 19. h3 Rfc8 20. Nd5 Bxb2 21.
Ne7+ Kg7 22. Nxc8 Rxc8 23. hxg4 Rxc4 24. Ne3 Rxb4 25. Rxd7 Ra4 26. Rfd1 Nc5 27.
R7d2 Be5 28. g5 Ne6 29. Ng4 Bc3 30. Rc2 Ra3 31. f4 b5 32. Rd7 b4 33. Nh6 Kf8 34.
Rxf7+ Ke8 35. e3 Nc5 36. Rxh7 Nd3 37. Kh3 a5 38. f5 Ne5 39. f6 1-0

[Event "4th Al Ain Chess Classic"]
[Site "Al-Ain UAE"]
[Date "2015.12.24"]
[Round "2.22"]
[White "Andriasian, Zaven"]
[Black "Harutyunian, Tigran K."]
[Result "1-0"]
[WhiteTitle "GM"]
[BlackTitle "IM"]
[WhiteElo "2594"]
[BlackElo "2448"]
[WhiteFideId "13302000"]
[BlackFideId "13303635"]
[EventDate "2015.12.23"]

1. c4 e5 2. g3 Nf6 3. Bg2 d5 4. cxd5 Nxd5 5. Nc3 Nb6 6. d3 Be7 7. Be3 O-O 8. Rc1
Re8 9. a3 Bf8 10. Nf3 Nc6 11. O-O Nd4 12. a4 a5 13. Bxd4 exd4 14. Nb5 c5 15. Nd2
Rb8 16. Ne4 Re5 17. f4 Rh5 18. e3 Rd5 19. exd4 cxd4 20. Qb3 Bb4 21. Ng5 Rxg5 22.
fxg5 Be6 23. Qd1 Qxg5 24. Nc7 Bd2 25. Ra1 Bf5 26. Qb3 Bb4 27. Rf2 Rc8 28. Be4
Bg6 29. Bxg6 Qxg6 30. Nb5 h5 31. Raf1 Rf8 32. Rf5 h4 33. Kg2 Qc6+ 34. R1f3 Qd7
35. gxh4 g6 36. R5f4 Kg7 37. h5 Qe7 38. Nxd4 Qg5+ 39. Kh1 Nd5 40. Nf5+ Kg8 41.
Qxd5 1-0

[Event "4th Al Ain Chess Classic"]
[Site "Al-Ain UAE"]
[Date "2015.12.24"]
[Round "2.23"]
[White "Hossain, Enamul"]
[Black "Parligras, Mircea-Emilian"]
[Result "1/2-1/2"]
[WhiteTitle "GM"]
[BlackTitle "GM"]
[WhiteElo "2450"]
[BlackElo "2586"]
[WhiteFideId "10200649"]
[BlackFideId "1204297"]
[EventDate "2015.12.23"]

1. e4 c5 2. c3 Nf6 3. e5 Nd5 4. Nf3 Nc6 5. Bc4 Nb6 6. Bb3 c4 7. Bc2 d6 8. exd6
e5 9. O-O Bxd6 10. d3 cxd3 11. Qxd3 Be6 12. Rd1 Be7 13. Qe4 Nd7 14. Bb3 Bxb3 15.
axb3 Qc8 16. b4 a6 17. Nbd2 O-O 18. Nc4 Qc7 19. Bg5 Bxg5 20. Nxg5 Nf6 21. Qe2
Rad8 22. Rxd8 Rxd8 23. Re1 h6 24. Ne4 Nxe4 25. Qxe4 f6 26. Ne3 Rd2 27. h4 Qd7
28. h5 Ne7 29. Qf3 Qc6 30. Qg4 Qd7 31. Qf3 Qc6 32. Qg4 1/2-1/2

[Event "4th Al Ain Chess Classic"]
[Site "Al-Ain UAE"]
[Date "2015.12.24"]
[Round "2.24"]
[White "Labib, Ibrahim Hasan"]
[Black "Gabuzyan, Hovhannes"]
[Result "0-1"]
[WhiteTitle "IM"]
[BlackTitle "GM"]
[WhiteElo "2434"]
[BlackElo "2585"]
[WhiteFideId "10600426"]
[BlackFideId "13303732"]
[EventDate "2015.12.23"]

1. Nf3 Nf6 2. e3 c5 3. b3 g6 4. Bb2 Bg7 5. c4 O-O 6. Be2 Nc6 7. O-O d5 8. cxd5
Qxd5 9. d3 b6 10. Nbd2 Rd8 11. a3 Bb7 12. Qc2 Rac8 13. Rad1 Ne8 14. Bxg7 Nxg7
15. Qb2 Ne6 16. Rfe1 Qf5 17. Ne4 a5 18. h3 Qd5 19. g4 Qd7 20. g5 Ng7 21. Kg2 Nf5
22. Rh1 h5 23. gxh6 Nxh6 24. h4 f6 25. Rdg1 Kf7 26. Nfg5+ fxg5 27. hxg5 Nf5 28.
Rh7+ Ke6 29. d4 Ne5 30. dxe5 Bxe4+ 31. f3 Nxe3+ 32. Kf2 Qd4 33. Qxd4 cxd4 34.
fxe4 Rf8+ 35. Kg3 Rc3 36. Bg4+ Nxg4+ 37. Kxg4 Rcf3 38. Rg3 Rxg3+ 39. Kxg3 d3 40.
Kg4 d2 41. Rh1 Rd8 42. Rd1 Kxe5 43. Kf3 Rd3+ 44. Ke2 Kxe4 0-1

[Event "4th Al Ain Chess Classic"]
[Site "Al-Ain UAE"]
[Date "2015.12.24"]
[Round "2.25"]
[White "Kovchan, Alexander"]
[Black "Baghdasaryan, Vahe"]
[Result "1-0"]
[WhiteTitle "GM"]
[BlackTitle "IM"]
[WhiteElo "2583"]
[BlackElo "2432"]
[WhiteFideId "14103052"]
[BlackFideId "13303139"]
[EventDate "2015.12.23"]

1. e4 c5 2. Nf3 e6 3. d4 cxd4 4. Nxd4 Nc6 5. Nc3 Nf6 6. Ndb5 Bc5 7. Nd6+ Ke7 8.
Bf4 e5 9. Nf5+ Kf8 10. Bg5 d6 11. Ne3 Be6 12. Bd3 h6 13. Bxf6 Qxf6 14. O-O Ne7
15. Bc4 Bxc4 16. Nxc4 Qe6 17. Qd3 Rc8 18. Ne3 a6 19. Ncd5 Nxd5 20. Nxd5 g5 21.
Qb3 b5 22. a4 Kg7 23. Qd3 b4 24. Qxa6 Rhf8 25. a5 f5 26. Qb7+ Rf7 27. exf5 Qxf5
28. Ne7 Qxc2 29. Qxc8 Rxe7 30. Kh1 Qxb2 31. a6 Qe2 32. Rfc1 b3 33. a7 Bxa7 34.
Rc7 Rxc7 35. Qxc7+ Kg6 36. Qxd6+ Kh5 37. f3 g4 38. Qe7 1-0

[Event "4th Al Ain Chess Classic"]
[Site "Al-Ain UAE"]
[Date "2015.12.24"]
[Round "2.26"]
[White "Das, Sayantan"]
[Black "Kulaots, Kaido"]
[Result "1/2-1/2"]
[WhiteTitle "IM"]
[BlackTitle "GM"]
[WhiteElo "2411"]
[BlackElo "2574"]
[WhiteFideId "5034426"]
[BlackFideId "4500261"]
[EventDate "2015.12.23"]

1. e4 c5 2. Nf3 Nc6 3. Nc3 g6 4. d4 cxd4 5. Nxd4 Bg7 6. Be3 Nf6 7. Bc4 O-O 8.
Bb3 d6 9. h3 Na5 10. O-O b6 11. Re1 Bb7 12. Bg5 Nxb3 13. axb3 h6 14. Bh4 Qd7 15.
b4 Rfd8 16. b5 Rdc8 17. Bxf6 Bxf6 18. Qd3 a6 19. bxa6 Bxa6 20. Qd2 e6 21. Nf3
Bg7 22. Rad1 Rd8 23. e5 Bb7 24. Ne4 Bxe4 25. Rxe4 d5 26. Rb4 Qc7 27. c3 Ra6 28.
h4 Rda8 29. Qe2 Ra4 30. Rbd4 Ra1 31. g3 Rxd1+ 32. Rxd1 Ra2 33. Rd2 Qc6 34. Kg2
Qa4 35. h5 g5 36. Nd4 Ra1 37. f4 Qa2 38. Qd3 Rb1 39. Qb5 Qa1 40. Qe8+ Bf8 41.
Nxe6 fxe6 42. Qxe6+ Kh8 43. Qf6+ Bg7 44. Qd8+ Kh7 45. Qxd5 Rxb2 46. Qd3+ Kh8 47.
Qd8+ Kh7 48. Qd3+ 1/2-1/2

[Event "4th Al Ain Chess Classic"]
[Site "Al-Ain UAE"]
[Date "2015.12.24"]
[Round "2.27"]
[White "Mu, Ke"]
[Black "Lalith Babu M R"]
[Result "0-1"]
[BlackTitle "GM"]
[WhiteElo "2403"]
[BlackElo "2553"]
[WhiteFideId "8602778"]
[BlackFideId "5024595"]
[EventDate "2015.12.23"]

1. d4 Nf6 2. c4 e6 3. Nf3 b6 4. a3 Bb7 5. Nc3 d5 6. cxd5 Nxd5 7. e3 g6 8. h4 h6
9. Bb5+ c6 10. Bd3 Bg7 11. e4 Nxc3 12. bxc3 c5 13. Be3 Nd7 14. e5 Qc7 15. a4 Rd8
16. Qb1 O-O 17. Rh3 cxd4 18. cxd4 Bxf3 19. Rxf3 Nxe5 20. dxe5 Qc3+ 21. Kf1 Qxd3+
22. Qxd3 Rxd3 23. Bxh6 Rxf3 24. Bxg7 Kxg7 25. gxf3 Rh8 26. a5 Rxh4 27. Ke2 Rh5
28. f4 Rf5 29. axb6 axb6 30. Ke3 g5 31. Rb1 Rxf4 32. Rxb6 Rf5 33. Rb5 Kg6 34. f3
f6 35. Ke4 Kh5 36. Ke3 Rxe5+ 37. Rxe5 fxe5 38. Kf2 Kh4 39. Kg2 e4 40. fxe4 Kg4 0-1

[Event "4th Al Ain Chess Classic"]
[Site "Al-Ain UAE"]
[Date "2015.12.24"]
[Round "2.28"]
[White "Vaibhav, Suri"]
[Black "Omar, Noaman"]
[Result "1-0"]
[WhiteTitle "GM"]
[BlackTitle "IM"]
[WhiteElo "2552"]
[BlackElo "2403"]
[WhiteFideId "5045185"]
[BlackFideId "9300244"]
[EventDate "2015.12.23"]

1. d4 Nf6 2. c4 e6 3. Nf3 b6 4. g3 Bb4+ 5. Bd2 Bxd2+ 6. Qxd2 Ba6 7. Qc2 Bb7 8.
Bg2 c5 9. dxc5 bxc5 10. Nc3 O-O 11. O-O d6 12. Rfd1 Qb6 13. Rd2 Rd8 14. Rad1 Na6
15. Qb3 Qxb3 16. axb3 d5 17. Ne5 Rab8 18. cxd5 exd5 19. Nxd5 Nxd5 20. Bxd5 Rxd5
21. Rxd5 Bxd5 22. Rxd5 f6 23. Nc4 Rxb3 24. Rd8+ Kf7 25. Rd7+ Kg6 26. Rxa7 Nb8
27. Rc7 Rb5 28. e4 Na6 29. Ra7 Nb4 30. Nd6 Nc6 31. Nxb5 1-0

[Event "4th Al Ain Chess Classic"]
[Site "Al-Ain UAE"]
[Date "2015.12.24"]
[Round "2.30"]
[White "Riff, Jean-Noel"]
[Black "Motylev, Alexander"]
[Result "1/2-1/2"]
[WhiteTitle "GM"]
[BlackTitle "GM"]
[WhiteElo "2507"]
[BlackElo "2653"]
[WhiteFideId "611190"]
[BlackFideId "4121830"]
[EventDate "2015.12.23"]

1. e4 c6 2. d4 d5 3. Nc3 dxe4 4. Nxe4 Bf5 5. Ng3 Bg6 6. Nh3 e6 7. Nf4 Bd6 8. h4
Bxf4 9. Bxf4 h6 10. c3 Nf6 11. Bd3 Bxd3 12. Qxd3 Qa5 13. Ne4 Nxe4 14. Qxe4 Nd7
15. O-O O-O 16. Rfe1 Rfe8 17. Be5 Rad8 18. Qg4 Nxe5 19. Rxe5 Rd5 20. Rxd5 Qxd5
21. b3 Rd8 22. Qe2 Qa5 23. Qe3 Qa3 24. Qc1 Qa5 25. Qe3 Rd5 26. g3 Qa3 27. Qc1
Qd6 28. Qe3 Qa3 29. Qc1 Qa5 30. Qe3 a6 31. a4 Qc7 32. b4 a5 33. Rb1 axb4 34.
Rxb4 Rd7 35. Qe4 1/2-1/2

[Event "4th Al Ain Chess Classic"]
[Site "Al-Ain UAE"]
[Date "2015.12.24"]
[Round "2.31"]
[White "Gupta, Abhijeet"]
[Black "Iniyan, P"]
[Result "1-0"]
[WhiteTitle "GM"]
[WhiteElo "2613"]
[BlackElo "2275"]
[WhiteFideId "5010608"]
[BlackFideId "25002767"]
[EventDate "2015.12.23"]

1. d4 Nf6 2. c4 g6 3. Nc3 Bg7 4. e4 d6 5. f3 O-O 6. Nge2 c5 7. Be3 Nc6 8. d5 Ne5
9. Ng3 e6 10. Be2 exd5 11. cxd5 a6 12. a4 Bd7 13. O-O b5 14. h3 Rb8 15. f4 Nc4
16. Bxc4 bxc4 17. Qd2 Qb6 18. Rf2 Nh5 19. Nxh5 gxh5 20. e5 dxe5 21. f5 e4 22.
Nxe4 Rfe8 23. f6 Rxe4 24. fxg7 Rbe8 25. Raf1 f5 26. Rf3 c3 27. Qxc3 Rxe3 28.
Rxe3 c4 29. Rf3 f4 30. a5 Qa7 31. Qf6 Qxe3+ 32. Rxe3 fxe3 33. Kf1 e2+ 34. Ke1 1-0

[Event "4th Al Ain Chess Classic"]
[Site "Al-Ain UAE"]
[Date "2015.12.24"]
[Round "2.32"]
[White "Iordachescu, Viorel"]
[Black "Parvanyan, Ashot"]
[Result "1-0"]
[WhiteTitle "GM"]
[WhiteElo "2600"]
[BlackElo "2197"]
[WhiteFideId "13900200"]
[BlackFideId "13307550"]
[EventDate "2015.12.23"]

1. c4 Nf6 2. Nc3 g6 3. g3 Bg7 4. Bg2 O-O 5. Nf3 d6 6. d4 c5 7. O-O Nc6 8. d5 Na5
9. Nd2 a6 10. Rb1 Rb8 11. Qc2 b5 12. b3 h5 13. Bb2 Bf5 14. e4 Bd7 15. Nd1 e5 16.
Bc3 h4 17. Ne3 Ng4 18. Nxg4 Bxg4 19. Rbe1 Bh6 20. Qd3 Qc7 21. f4 b4 22. Bb2 f6
23. Bc1 hxg3 24. hxg3 Rbe8 25. Nf3 Qg7 26. Nh2 Bc8 27. Qd1 f5 28. exf5 gxf5 29.
Qh5 e4 30. Rf2 Qh7 31. Nf3 Bg7 32. Qxh7+ Kxh7 33. Ng5+ Kg6 34. g4 Bd4 35. Be3
Bc3 36. Ree2 Nb7 37. Bh1 Nd8 38. Rh2 fxg4 39. Bxe4+ Bf5 40. Bc1 Rh8 41. Rxh8
Rxh8 42. Kg2 Bxe4+ 43. Nxe4 Nb7 44. Ng3 Kf7 45. Re6 Re8 46. f5 Be5 47. Ne4 Rh8
48. Bh6 1-0

[Event "4th Al Ain Chess Classic"]
[Site "Al-Ain UAE"]
[Date "2015.12.24"]
[Round "2.33"]
[White "Sengupta, Deep"]
[Black "Rahul Srivatshav P"]
[Result "1-0"]
[WhiteTitle "GM"]
[WhiteElo "2563"]
[BlackElo "2086"]
[WhiteFideId "5008352"]
[BlackFideId "25059653"]
[EventDate "2015.12.23"]

1. e4 c5 2. Nf3 e6 3. d4 cxd4 4. Nxd4 Nc6 5. Nc3 Qc7 6. Be3 Nf6 7. Ndb5 Qb8 8.
f4 a6 9. e5 axb5 10. exf6 gxf6 11. Nxb5 b6 12. Qd2 Bc5 13. a3 Ba6 14. Rd1 d5 15.
Qc3 Bxe3 16. Qxe3 Qd8 17. Rxd5 Qxd5 18. Nc7+ Kd7 19. Nxd5 exd5 20. Qh3+ Kd6 21.
Bxa6 Rxa6 22. O-O Ne7 23. Qc3 1-0

[Event "4th Al Ain Chess Classic"]
[Site "Al-Ain UAE"]
[Date "2015.12.24"]
[Round "2.34"]
[White "Vishnu Prasanna, V"]
[Black "Anisuzzaman, Jewel"]
[Result "1-0"]
[WhiteTitle "GM"]
[WhiteElo "2514"]
[BlackElo "2078"]
[WhiteFideId "5030692"]
[BlackFideId "10204695"]
[EventDate "2015.12.23"]

1. d4 Nf6 2. c4 d6 3. Nc3 g6 4. e4 Bg7 5. h3 O-O 6. Nf3 Nc6 7. d5 Nb8 8. Bd3 e5
9. g4 a5 10. Bg5 Na6 11. Qd2 Nc5 12. Bc2 Bd7 13. O-O-O a4 14. Be3 Ra5 15. Ne1
Qa8 16. f3 Qa6 17. Qe2 Rb8 18. Rh2 b5 19. cxb5 Bxb5 20. Nd3 Ncd7 21. Nxb5 Qxb5
22. a3 c5 23. dxc6 Qxc6 24. Nb4 Qb7 25. Kb1 Bf8 26. Bd3 d5 27. g5 Nh5 28. Ba6
Qa8 29. Rxd5 Rxd5 30. Nxd5 Bxa3 31. Qc4 Bc5 32. Bxc5 Nxc5 33. Qxc5 Qxa6 34. Ne7+
Kg7 35. Qxe5+ Kf8 36. Qxb8+ Kxe7 37. Rd2 Qf1+ 38. Ka2 Qc4+ 39. Ka3 Qc5+ 40. Qb4
Qxb4+ 41. Kxb4 Nf4 42. h4 f6 43. Kxa4 fxg5 44. hxg5 Ne6 45. b4 Nxg5 46. b5 Nxf3
47. Rd5 h5 48. b6 1-0

[Event "4th Al Ain Chess Classic"]
[Site "Al-Ain UAE"]
[Date "2015.12.24"]
[Round "2.35"]
[White "Mammadzada, Gunay"]
[Black "Abdulov, Orkhan"]
[Result "0-1"]
[WhiteTitle "WGM"]
[BlackTitle "IM"]
[WhiteElo "2341"]
[BlackElo "2356"]
[WhiteFideId "13403729"]
[BlackFideId "13402714"]
[EventDate "2015.12.23"]

1. e4 g6 2. d4 Bg7 3. Nc3 d6 4. f4 Nf6 5. Nf3 O-O 6. Bd3 Nc6 7. e5 dxe5 8. fxe5
Nh5 9. Be3 Bg4 10. Be2 f6 11. exf6 exf6 12. O-O f5 13. Qd2 Qd6 14. d5 Ne5 15.
Nb5 Qe7 16. Rae1 Bxf3 17. Bxf3 Nxf3+ 18. Rxf3 Nf6 19. c4 Ne4 0-1